<?xml version="1.0" encoding="UTF-8"?><?xml-stylesheet type="text/xsl" href="static/style.xsl"?><OAI-PMH xmlns="http://www.openarchives.org/OAI/2.0/" xmlns:xsi="http://www.w3.org/2001/XMLSchema-instance" xsi:schemaLocation="http://www.openarchives.org/OAI/2.0/ http://www.openarchives.org/OAI/2.0/OAI-PMH.xsd"><responseDate>2026-04-13T05:28:21Z</responseDate><request verb="GetRecord" identifier="oai:www.recercat.cat:10230/1313" metadataPrefix="marc">https://recercat.cat/oai/request</request><GetRecord><record><header><identifier>oai:recercat.cat:10230/1313</identifier><datestamp>2025-12-22T02:17:08Z</datestamp><setSpec>com_2072_6</setSpec><setSpec>col_2072_452953</setSpec></header><metadata><record xmlns="http://www.loc.gov/MARC21/slim" xmlns:dcterms="http://purl.org/dc/terms/" xmlns:xsi="http://www.w3.org/2001/XMLSchema-instance" xmlns:doc="http://www.lyncode.com/xoai" xsi:schemaLocation="http://www.loc.gov/MARC21/slim http://www.loc.gov/standards/marcxml/schema/MARC21slim.xsd">
   <leader>00925njm 22002777a 4500</leader>
   <datafield ind2=" " ind1=" " tag="042">
      <subfield code="a">dc</subfield>
   </datafield>
   <datafield ind2=" " ind1=" " tag="720">
      <subfield code="a">Universitat Pompeu Fabra. Observatorio de Salud Laboral</subfield>
      <subfield code="e">author</subfield>
   </datafield>
   <datafield ind2=" " ind1=" " tag="260">
      <subfield code="c">2012-07-11T02:21:43Z</subfield>
   </datafield>
   <datafield ind2=" " ind1=" " tag="260">
      <subfield code="c">2012-07-11T02:21:43Z</subfield>
   </datafield>
   <datafield ind2=" " ind1=" " tag="260">
      <subfield code="c">2005</subfield>
   </datafield>
   <datafield ind2=" " ind1=" " tag="260">
      <subfield code="c">2012-07-10T07:27:41Z</subfield>
   </datafield>
   <datafield ind2=" " ind1=" " tag="520">
      <subfield code="a">Convocado por el Observatorio de Salud Laboral, se celebró un Taller deexpertos con un doble objetivo: 1) Presentar y debatir el informe “Subsistemascientífico-técnicos de apoyo a las políticas de salud y seguridad en el trabajo.Estudio comparativo de diferentes países”, elaborado por el OSL y que se publicacomo anexo a este documento. 2) Realizar recomendaciones para la mejora delsubsistema científico-técnico español en materia de salud y seguridad en eltrabajo.Asisten al citado Taller de Expertos 16 profesionales del sector. Elpresente documento recoge las recomendaciones consensuadas por dichosexpertos, que el Observatorio de Salud Laboral hace públicas en coherencia consu misión de difundir informaciones relevantes para la toma de decisiones enrelación con el sistema de salud y seguridad en el trabajo.</subfield>
   </datafield>
   <datafield tag="653" ind2=" " ind1=" ">
      <subfield code="a">Directrius per a la planificació en salut</subfield>
   </datafield>
   <datafield tag="653" ind2=" " ind1=" ">
      <subfield code="a">Política de salut i seguretat en el treball</subfield>
   </datafield>
   <datafield tag="653" ind2=" " ind1=" ">
      <subfield code="a">Salut laboral</subfield>
   </datafield>
   <datafield ind2="0" ind1="0" tag="245">
      <subfield code="a">Recomendaciones para la mejora del subsistema científico-técnico español en materia de salud y seguridad en el trabajo</subfield>
   </datafield>
</record></metadata></record></GetRecord></OAI-PMH>